隣接するすべての国よりも人口が多い国 - Statistics

General Stats
  • This quiz has been taken 384 times
  • The average score is 12 of 17
Answer Stats
国境の数 % Correct
6 インド
99%
10 ブラジル
94%
9 ドイツ
89%
3 インドネシア
88%
6 南アフリカ
86%
4 ナイジェリア
81%
3 エジプト
80%
2 アメリカ合衆国
77%
1 韓国
75%
1 イギリス
74%
9 コンゴ民主共和国
62%
6 エチオピア
56%
6 アルジェリア
53%
4 タイ
53%
2 スウェーデン
52%
1 ハイチ
41%
3 ガーナ
16%
No matching quizzes found
Score Distribution
Percent of People with Each Score
Percentile by Number Answered
Your Score History
You have not taken this quiz